[Event "DEM U18w 2021"]
[Site "Willingen GER"]
[Date "2021.08.23"]
[Round "1"]
[White "Trams, Emma Joe"]
[Black "Garbuz, Nicole"]
[Result "0-1"]
[Termination "normal"]
[Board "11"]
[WhiteElo "1466"]
[BlackElo "1695"]
[WhiteClock "00:39:28"]
[BlackClock "00:21:28"]
[PlyCount "54"]
[WhiteFideId "16206517"]
[BlackFideId "12990701"]
[EventCountry "GER"]
[EventRounds "9"]
[EventType "swiss"]
[EventDate "2021.08.22"]

1. e4 {[%clk 1:30:56]} e5 {[%clk 1:30:55]} 2. Nf3 {[%clk 1:31:22]} Nc6 {[%clk
1:31:19]} 3. Bb5 {[%clk 1:31:45]} a6 {[%clk 1:31:40]} 4. Ba4 {[%clk 1:32:10]}
Nf6 {[%clk 1:31:57]} 5. O-O {[%clk 1:32:25]} Be7 {[%clk 1:32:11]} 6. Re1 {[%clk
1:32:33]} b5 {[%clk 1:32:17]} 7. Bb3 {[%clk 1:32:53]} d6 {[%clk 1:32:27]} 8. c3
{[%clk 1:32:58]} O-O {[%clk 1:32:00]} 9. d3 {[%clk 1:32:46]} Na5 {[%clk
1:31:58]} 10. Bc2 {[%clk 1:32:56]} c5 {[%clk 1:31:54]} 11. Nbd2 {[%clk
1:32:12]} Qc7 {[%clk 1:31:03]} 12. b3 {[%clk 1:31:30]} Nc6 {[%clk 1:27:33]} 13.
Nf1 {[%clk 1:28:42]} d5 {[%clk 1:21:39]} 14. exd5 {[%clk 1:25:37]} Nxd5 {[%clk
1:21:57]} 15. Bb2 {[%clk 1:25:38]} Nf4 {[%clk 1:16:58]} 16. c4 {[%clk 1:21:49]}
Bd6 {[%clk 1:04:25]} 17. Ng3 {[%clk 1:18:11]} f5 {[%clk 1:01:40]} 18. Qd2
{[%clk 1:09:09]} Nd4 {[%clk 0:54:48]} 19. Bd1 {[%clk 1:08:26]} Bb7 {[%clk
0:49:59]} 20. Re3 {[%clk 1:00:50]} Nxg2 {[%clk 0:37:16]} 21. Kxg2 {[%clk
0:44:17]} f4 {[%clk 0:37:21]} 22. Re1 {[%clk 0:43:56]} Nxf3 {[%clk 0:25:02]}
23. Bxf3 {[%clk 0:43:42]} fxg3 {[%clk 0:22:24]} 24. Bxb7 {[%clk 0:42:11]} Qxb7+
{[%clk 0:20:56]} 25. Kxg3 {[%clk 0:41:24]} Qf3+ {[%clk 0:21:04]} 26. Kh4 {[%clk
0:39:29]} Be7+ {[%clk 0:21:28]} 27. Qg5 {[%clk 0:39:28]} Rf4# 0-1

[Event "DEM U18w 2021"]
[Site "Willingen GER"]
[Date "2021.08.23"]
[Round "2"]
[White "Garbuz, Nicole"]
[Black "Peglau, Dora"]
[Result "1-0"]
[Termination "normal"]
[Board "1"]
[WhiteElo "1695"]
[BlackElo "1906"]
[WhiteClock "00:04:52"]
[BlackClock "00:08:52"]
[PlyCount "49"]
[WhiteFideId "12990701"]
[BlackFideId "16220005"]
[EventCountry "GER"]
[EventRounds "9"]
[EventType "swiss"]
[EventDate "2021.08.22"]

1. e4 {[%clk 1:30:57]} c6 {[%clk 1:30:56]} 2. d4 {[%clk 1:31:22]} d5 {[%clk
1:31:23]} 3. exd5 {[%clk 1:31:47]} cxd5 {[%clk 1:31:48]} 4. c4 {[%clk 1:31:56]}
Nf6 {[%clk 1:32:14]} 5. Nc3 {[%clk 1:31:59]} g6 {[%clk 1:32:30]} 6. Qb3 {[%clk
1:32:11]} Bg7 {[%clk 1:29:27]} 7. cxd5 {[%clk 1:32:04]} O-O {[%clk 1:29:22]} 8.
Be2 {[%clk 1:31:35]} Nbd7 {[%clk 1:28:30]} 9. Bf3 {[%clk 1:28:08]} Nb6 {[%clk
1:25:34]} 10. Nge2 {[%clk 1:26:28]} Bg4 {[%clk 1:20:53]} 11. Bxg4 {[%clk
1:11:00]} Nxg4 {[%clk 1:21:12]} 12. O-O {[%clk 1:10:39]} Qd7 {[%clk 1:17:34]}
13. Bf4 {[%clk 0:59:33]} Nf6 {[%clk 1:13:32]} 14. d6 {[%clk 0:47:25]} exd6
{[%clk 1:11:10]} 15. Nb5 {[%clk 0:40:00]} d5 {[%clk 0:58:39]} 16. Rac1 {[%clk
0:19:58]} Nc4 {[%clk 0:55:44]} 17. Nc7 {[%clk 0:17:54]} Rac8 {[%clk 0:54:33]}
18. Qxb7 {[%clk 0:11:59]} Rb8 {[%clk 0:44:20]} 19. Qxa7 {[%clk 0:12:18]} Rxb2
{[%clk 0:43:27]} 20. Nc3 {[%clk 0:11:46]} Rfb8 {[%clk 0:28:04]} 21. Qc5 {[%clk
0:09:00]} Bf8 {[%clk 0:18:16]} 22. N7xd5 {[%clk 0:07:05]} Nxd5 {[%clk 0:13:56]}
23. Nxd5 {[%clk 0:05:30]} Qf5 {[%clk 0:08:51]} 24. Qxc4 {[%clk 0:05:47]} Rd8
{[%clk 0:08:52]} 25. Be5 {[%clk 0:04:52]} 1-0

[Event "DEM U18w 2021"]
[Site "Willingen GER"]
[Date "2021.08.23"]
[Round "2"]
[White "Bui, Ngoc Han Julia"]
[Black "Rudolph, Eva"]
[Result "1-0"]
[Termination "normal"]
[Board "2"]
[WhiteElo "1891"]
[BlackElo "1790"]
[WhiteClock "00:40:30"]
[BlackClock "00:03:26"]
[PlyCount "131"]
[WhiteFideId "12977055"]
[BlackFideId "16200594"]
[EventCountry "GER"]
[EventRounds "9"]
[EventType "swiss"]
[EventDate "2021.08.22"]

1. e4 {[%clk 1:30:58]} c5 {[%clk 1:30:56]} 2. Nf3 {[%clk 1:31:23]} e6 {[%clk
1:31:21]} 3. d4 {[%clk 1:31:47]} cxd4 {[%clk 1:31:45]} 4. Nxd4 {[%clk 1:32:13]}
a6 {[%clk 1:32:07]} 5. Bd3 {[%clk 1:32:23]} Nf6 {[%clk 1:32:23]} 6. O-O {[%clk
1:32:16]} Qc7 {[%clk 1:32:23]} 7. Qe2 {[%clk 1:32:22]} d6 {[%clk 1:32:32]} 8.
c4 {[%clk 1:32:15]} g6 {[%clk 1:27:40]} 9. Nc3 {[%clk 1:31:45]} Bg7 {[%clk
1:25:40]} 10. Nf3 {[%clk 1:31:27]} Nbd7 {[%clk 1:16:00]} 11. h3 {[%clk
1:27:00]} O-O {[%clk 1:15:09]} 12. Bf4 {[%clk 1:26:46]} Rd8 {[%clk 1:04:07]}
13. Rfd1 {[%clk 1:24:34]} Nh5 {[%clk 0:52:39]} 14. Bg5 {[%clk 1:20:47]} Re8
{[%clk 0:48:01]} 15. Rac1 {[%clk 1:16:37]} b6 {[%clk 0:45:39]} 16. Qd2 {[%clk
1:13:01]} Bb7 {[%clk 0:38:22]} 17. Bb1 {[%clk 1:07:37]} Bf8 {[%clk 0:36:49]}
18. b3 {[%clk 0:59:34]} Ne5 {[%clk 0:34:37]} 19. Nxe5 {[%clk 0:55:53]} dxe5
{[%clk 0:34:35]} 20. Qd7 {[%clk 0:52:45]} Qxd7 {[%clk 0:29:46]} 21. Rxd7 {[%clk
0:53:08]} Bc6 {[%clk 0:29:58]} 22. Rc7 {[%clk 0:50:45]} Rec8 {[%clk 0:29:38]}
23. Rxc8 {[%clk 0:51:02]} Rxc8 {[%clk 0:30:04]} 24. Be3 {[%clk 0:41:58]} Bc5
{[%clk 0:23:29]} 25. Bxc5 {[%clk 0:41:59]} bxc5 {[%clk 0:23:51]} 26. Rd1 {[%clk
0:39:52]} Kf8 {[%clk 0:23:26]} 27. Ne2 {[%clk 0:36:26]} Nf6 {[%clk 0:18:54]}
28. f3 {[%clk 0:36:04]} Ke7 {[%clk 0:17:50]} 29. Kf2 {[%clk 0:35:49]} Rd8
{[%clk 0:09:45]} 30. Rxd8 {[%clk 0:34:45]} Kxd8 {[%clk 0:10:05]} 31. a3 {[%clk
0:34:34]} a5 {[%clk 0:08:47]} 32. Ke3 {[%clk 0:33:38]} Ke7 {[%clk 0:06:46]} 33.
Kd2 {[%clk 0:31:09]} Kd6 {[%clk 0:05:48]} 34. Kc3 {[%clk 0:29:13]} Nd7 {[%clk
0:05:09]} 35. b4 {[%clk 0:25:40]} axb4+ {[%clk 0:05:30]} 36. axb4 {[%clk
0:26:05]} cxb4+ {[%clk 0:05:32]} 37. Kxb4 {[%clk 0:26:27]} Nc5 {[%clk 0:04:41]}
38. Nc1 {[%clk 0:23:41]} Na6+ {[%clk 0:03:15]} 39. Ka5 {[%clk 0:22:46]} Nc5
{[%clk 0:03:02]} 40. g4 {[%clk 0:16:26]} Nd7 {[%clk 0:00:46]} 41. Kb4 {[%clk
0:15:07]} Nc5 {[%clk 0:29:30]} 42. Bc2 {[%clk 0:44:39]} Na6+ {[%clk 0:28:02]}
43. Ka5 {[%clk 0:44:43]} Nc5 {[%clk 0:27:56]} 44. g5 {[%clk 0:44:17]} Nd7
{[%clk 0:25:42]} 45. Nd3 {[%clk 0:41:52]} Nc5 {[%clk 0:24:10]} 46. Kb4 {[%clk
0:40:53]} Na6+ {[%clk 0:24:18]} 47. Kc3 {[%clk 0:41:07]} Nc5 {[%clk 0:21:50]}
48. Nf2 {[%clk 0:40:37]} Nd7 {[%clk 0:15:29]} 49. Ng4 {[%clk 0:39:51]} Kc5
{[%clk 0:14:30]} 50. h4 {[%clk 0:38:49]} Kd6 {[%clk 0:09:23]} 51. Kb4 {[%clk
0:37:49]} Nc5 {[%clk 0:08:04]} 52. Nf6 {[%clk 0:37:46]} Nd7 {[%clk 0:05:50]}
53. Nxh7 {[%clk 0:37:34]} Kc7 {[%clk 0:05:17]} 54. Nf6 {[%clk 0:37:36]} Kd6
{[%clk 0:04:45]} 55. Nxd7 {[%clk 0:37:30]} Bxd7 {[%clk 0:03:43]} 56. c5+ {[%clk
0:37:20]} Kc7 {[%clk 0:03:46]} 57. Ba4 {[%clk 0:37:36]} Bxa4 {[%clk 0:03:06]}
58. Kxa4 {[%clk 0:38:01]} Kc6 {[%clk 0:03:07]} 59. Kb4 {[%clk 0:38:27]} Kc7
{[%clk 0:03:09]} 60. Kb5 {[%clk 0:38:52]} Kb7 {[%clk 0:02:24]} 61. c6+ {[%clk
0:38:55]} Kc8 {[%clk 0:02:16]} 62. Kb6 {[%clk 0:39:21]} Kb8 {[%clk 0:02:30]}
63. c7+ {[%clk 0:39:25]} Kc8 {[%clk 0:02:56]} 64. Kc6 {[%clk 0:39:51]} f5
{[%clk 0:03:09]} 65. gxf6 {[%clk 0:40:04]} g5 {[%clk 0:03:26]} 66. f7 {[%clk
0:40:30]} 1-0

[Event "DEM U18w 2021"]
[Site "Willingen GER"]
[Date "2021.08.23"]
[Round "2"]
[White "Peglau, Sarah"]
[Black "Peschel, Julia"]
[Result "1-0"]
[Termination "normal"]
[Board "3"]
[WhiteElo "1888"]
[BlackElo "1410"]
[WhiteClock "00:28:18"]
[BlackClock "00:18:56"]
[PlyCount "95"]
[WhiteFideId "16219961"]
[BlackFideId "16255593"]
[EventCountry "GER"]
[EventRounds "9"]
[EventType "swiss"]
[EventDate "2021.08.22"]

1. d4 {[%clk 1:30:59]} d5 {[%clk 1:30:48]} 2. c4 {[%clk 1:31:25]} e6 {[%clk
1:31:09]} 3. Nc3 {[%clk 1:31:50]} Nf6 {[%clk 1:31:27]} 4. Bg5 {[%clk 1:31:58]}
Be7 {[%clk 1:31:46]} 5. e3 {[%clk 1:32:08]} O-O {[%clk 1:31:48]} 6. Nf3 {[%clk
1:32:24]} h6 {[%clk 1:31:46]} 7. Bh4 {[%clk 1:32:40]} Ne4 {[%clk 1:31:40]} 8.
Bxe7 {[%clk 1:30:34]} Qxe7 {[%clk 1:31:59]} 9. cxd5 {[%clk 1:24:08]} Nxc3
{[%clk 1:28:52]} 10. bxc3 {[%clk 1:24:35]} exd5 {[%clk 1:29:07]} 11. Be2 {[%clk
1:22:24]} c5 {[%clk 1:25:38]} 12. O-O {[%clk 1:20:16]} Nc6 {[%clk 1:24:55]} 13.
Qb3 {[%clk 1:15:22]} Rd8 {[%clk 1:12:58]} 14. Qb5 {[%clk 1:06:32]} c4 {[%clk
1:03:06]} 15. a4 {[%clk 0:58:25]} Bf5 {[%clk 0:59:34]} 16. Nd2 {[%clk 0:56:35]}
Rd6 {[%clk 0:50:21]} 17. Rfe1 {[%clk 0:53:32]} b6 {[%clk 0:39:56]} 18. Bf3
{[%clk 0:40:40]} Bd7 {[%clk 0:35:23]} 19. Bxd5 {[%clk 0:38:33]} Na5 {[%clk
0:21:49]} 20. Qb4 {[%clk 0:38:28]} Re8 {[%clk 0:17:35]} 21. Bxc4 {[%clk
0:37:15]} Nxc4 {[%clk 0:16:47]} 22. Nxc4 {[%clk 0:37:20]} Rc6 {[%clk 0:17:01]}
23. Ne5 {[%clk 0:36:24]} Rd6 {[%clk 0:14:44]} 24. c4 {[%clk 0:33:02]} Qf6
{[%clk 0:13:48]} 25. a5 {[%clk 0:31:56]} Bc8 {[%clk 0:11:33]} 26. Qb5 {[%clk
0:25:27]} Red8 {[%clk 0:11:08]} 27. axb6 {[%clk 0:22:01]} Rxb6 {[%clk 0:09:28]}
28. Qc5 {[%clk 0:22:10]} Rb2 {[%clk 0:09:39]} 29. Rf1 {[%clk 0:19:52]} Qg5
{[%clk 0:09:12]} 30. Nd3 {[%clk 0:16:16]} Rd2 {[%clk 0:05:29]} 31. Qxg5 {[%clk
0:16:23]} hxg5 {[%clk 0:05:57]} 32. Rfd1 {[%clk 0:15:37]} Rc2 {[%clk 0:06:11]}
33. Rdc1 {[%clk 0:15:43]} Rd2 {[%clk 0:06:27]} 34. Nc5 {[%clk 0:15:15]} Bf5
{[%clk 0:05:43]} 35. Rxa7 {[%clk 0:15:02]} Rb8 {[%clk 0:05:52]} 36. Nb7 {[%clk
0:12:13]} Be4 {[%clk 0:04:28]} 37. d5 {[%clk 0:12:20]} Bg6 {[%clk 0:03:47]} 38.
f3 {[%clk 0:08:35]} Rb2 {[%clk 0:01:26]} 39. Nc5 {[%clk 0:08:38]} Re2 {[%clk
0:01:11]} 40. Nb7 {[%clk 0:01:29]} Rb2 {[%clk 0:00:42]} 41. c5 {[%clk 0:29:44]}
R8xb7 {[%clk 0:23:20]} 42. Rxb7 {[%clk 0:30:07]} Rxb7 {[%clk 0:23:46]} 43. c6
{[%clk 0:30:32]} Rb1 {[%clk 0:21:30]} 44. Rxb1 {[%clk 0:30:47]} Bxb1 {[%clk
0:21:55]} 45. e4 {[%clk 0:29:10]} Bd3 {[%clk 0:22:11]} 46. d6 {[%clk 0:27:56]}
Kf8 {[%clk 0:18:53]} 47. c7 {[%clk 0:27:54]} Ba6 {[%clk 0:18:56]} 48. d7 {[%clk
0:28:18]} 1-0

[Event "DEM U18w 2021"]
[Site "Willingen GER"]
[Date "2021.08.23"]
[Round "2"]
[White "Wagner, Victoria"]
[Black "Stowicek, Yara Mathilda"]
[Result "1/2-1/2"]
[Termination "normal"]
[Board "4"]
[WhiteElo "1657"]
[BlackElo "1823"]
[WhiteClock "00:25:37"]
[BlackClock "00:31:59"]
[PlyCount "98"]
[WhiteFideId "16232348"]
[BlackFideId "16203569"]
[EventCountry "GER"]
[EventRounds "9"]
[EventType "swiss"]
[EventDate "2021.08.22"]

1. e4 {[%clk 1:30:56]} e5 {[%clk 1:30:52]} 2. Nf3 {[%clk 1:31:20]} Nc6 {[%clk
1:31:12]} 3. d4 {[%clk 1:31:20]} exd4 {[%clk 1:31:33]} 4. Nxd4 {[%clk 1:31:40]}
Qf6 {[%clk 1:31:49]} 5. Nb3 {[%clk 1:24:02]} Qg6 {[%clk 1:31:44]} 6. f3 {[%clk
1:14:55]} Bb4+ {[%clk 1:29:56]} 7. Bd2 {[%clk 1:13:28]} Bxd2+ {[%clk 1:29:16]}
8. Qxd2 {[%clk 1:13:50]} Nge7 {[%clk 1:27:49]} 9. Bd3 {[%clk 1:08:37]} Ne5
{[%clk 1:24:28]} 10. Nc3 {[%clk 1:06:41]} a6 {[%clk 1:18:43]} 11. O-O-O {[%clk
1:00:19]} d6 {[%clk 1:16:35]} 12. Kb1 {[%clk 0:55:17]} Bd7 {[%clk 1:13:17]} 13.
f4 {[%clk 0:51:59]} Nxd3 {[%clk 1:12:16]} 14. Qxd3 {[%clk 0:50:48]} O-O-O
{[%clk 1:11:59]} 15. Qe3 {[%clk 0:46:47]} Kb8 {[%clk 1:07:37]} 16. Rd2 {[%clk
0:41:48]} Rhe8 {[%clk 1:05:42]} 17. Qf2 {[%clk 0:38:56]} Nc6 {[%clk 1:01:42]}
18. Re1 {[%clk 0:36:08]} f5 {[%clk 0:56:10]} 19. exf5 {[%clk 0:30:33]} Bxf5
{[%clk 0:56:01]} 20. Kc1 {[%clk 0:30:29]} Rxe1+ {[%clk 0:49:02]} 21. Qxe1
{[%clk 0:30:55]} Nb4 {[%clk 0:48:03]} 22. Nd4 {[%clk 0:28:13]} Re8 {[%clk
0:41:20]} 23. Qf2 {[%clk 0:27:27]} Be4 {[%clk 0:33:35]} 24. a3 {[%clk 0:19:52]}
Nd5 {[%clk 0:31:25]} 25. f5 {[%clk 0:11:41]} Qf6 {[%clk 0:28:37]} 26. Nxe4
{[%clk 0:10:34]} Rxe4 {[%clk 0:28:40]} 27. Ne6 {[%clk 0:09:23]} Qe5 {[%clk
0:26:00]} 28. Ng5 {[%clk 0:04:15]} Re1+ {[%clk 0:24:08]} 29. Rd1 {[%clk
0:04:38]} Rxd1+ {[%clk 0:24:02]} 30. Kxd1 {[%clk 0:05:05]} h6 {[%clk 0:24:07]}
31. Nf3 {[%clk 0:04:15]} Qxb2 {[%clk 0:20:44]} 32. Qd4 {[%clk 0:04:15]} Qxd4+
{[%clk 0:18:23]} 33. Nxd4 {[%clk 0:04:41]} c5 {[%clk 0:18:43]} 34. Ne6 {[%clk
0:04:25]} Ne3+ {[%clk 0:18:56]} 35. Kd2 {[%clk 0:04:34]} Nxf5 {[%clk 0:18:48]}
36. g4 {[%clk 0:04:00]} Nh4 {[%clk 0:17:47]} 37. Nxg7 {[%clk 0:03:42]} Nf3+
{[%clk 0:17:55]} 38. Ke3 {[%clk 0:03:58]} Nxh2 {[%clk 0:18:14]} 39. Kf4 {[%clk
0:04:13]} Kc7 {[%clk 0:17:19]} 40. Nf5 {[%clk 0:04:32]} Nxg4 {[%clk 0:16:36]}
41. Kxg4 {[%clk 0:04:57]} b5 {[%clk 0:16:43]} 42. Nxh6 {[%clk 0:04:31]} b4
{[%clk 0:15:57]} 43. axb4 {[%clk 0:04:54]} cxb4 {[%clk 0:16:19]} 44. Kf3 {[%clk
0:01:37]} a5 {[%clk 0:14:04]} 45. Nf5 {[%clk 0:28:18]} a4 {[%clk 0:44:03]} 46.
Nd4 {[%clk 0:27:37]} Kb6 {[%clk 0:41:43]} 47. Ke3 {[%clk 0:26:01]} Kc5 {[%clk
0:41:28]} 48. Kd3 {[%clk 0:26:04]} Kd5 {[%clk 0:40:16]} 49. Ne2 {[%clk
0:25:37]} Kc5 {[%clk 0:31:59]} 1/2-1/2

[Event "DEM U18w 2021"]
[Site "Willingen GER"]
[Date "2021.08.23"]
[Round "2"]
[White "Müdder, Melanie"]
[Black "Zell, Hannah"]
[Result "1-0"]
[Termination "normal"]
[Board "5"]
[WhiteElo "1959"]
[BlackElo "1614"]
[PlyCount "71"]
[WhiteFideId "12994103"]
[BlackFideId "16208900"]
[EventCountry "GER"]
[EventRounds "9"]
[EventType "swiss"]
[EventDate "2021.08.22"]

1. e4 e5 2. Nf3 Nc6 3. Bc4 Bc5 4. c3 d6 5. d4 exd4 6. cxd4 Bb4+ 7. Nc3 Nf6 8.
O-O Bxc3 9. bxc3 h6 10. Bd3 Bg4 11. Ba3 O-O 12. Bc2 Re8 13. Re1 a6 14. Qd3 Bh5
15. Nd2 Qd7 16. Qg3 Qg4 17. Qxg4 Bxg4 18. h3 Bd7 19. Rad1 b5 20. Bd3 Na5 21.
Bb4 Nb7 22. Bb1 c5 23. Ba3 Bc6 24. d5 Bd7 25. c4 b4 26. Bb2 Ba4 27. Rc1 Nd7 28.
f4 f6 29. Re3 Nd8 30. Rce1 Nf7 31. Bd3 Nb6 32. Be2 Bd7 33. Bh5 Kf8 34. e5 fxe5
35. fxe5 dxe5 36. Rf1 1-0

[Event "DEM U18w 2021"]
[Site "Willingen GER"]
[Date "2021.08.23"]
[Round "2"]
[White "Basovskiy, Jana"]
[Black "Falke, Ornella"]
[Result "1-0"]
[Termination "normal"]
[Board "6"]
[WhiteElo "1784"]
[BlackElo "1674"]
[WhiteClock "00:25:01"]
[BlackClock "00:20:18"]
[PlyCount "93"]
[WhiteFideId "16208617"]
[BlackFideId "16207092"]
[EventCountry "GER"]
[EventRounds "9"]
[EventType "swiss"]
[EventDate "2021.08.22"]

1. e4 {[%clk 1:30:58]} c6 {[%clk 1:30:39]} 2. d3 {[%clk 1:29:33]} d5 {[%clk
1:31:00]} 3. Nd2 {[%clk 1:29:59]} e5 {[%clk 1:31:04]} 4. Ngf3 {[%clk 1:30:17]}
Bd6 {[%clk 1:31:17]} 5. g3 {[%clk 1:29:34]} Nf6 {[%clk 1:22:07]} 6. Bg2 {[%clk
1:29:17]} O-O {[%clk 1:18:38]} 7. O-O {[%clk 1:28:36]} Bg4 {[%clk 1:14:02]} 8.
Re1 {[%clk 1:23:17]} Nbd7 {[%clk 1:12:29]} 9. h3 {[%clk 1:17:04]} Bh5 {[%clk
1:11:26]} 10. c3 {[%clk 1:15:06]} dxe4 {[%clk 1:05:43]} 11. dxe4 {[%clk
1:13:45]} h6 {[%clk 1:01:12]} 12. Nc4 {[%clk 1:06:29]} Bc7 {[%clk 1:01:01]} 13.
Qc2 {[%clk 1:05:42]} b5 {[%clk 0:56:38]} 14. Ne3 {[%clk 1:02:14]} Bxf3 {[%clk
0:47:14]} 15. Bxf3 {[%clk 1:02:30]} g6 {[%clk 0:47:19]} 16. Rd1 {[%clk
0:58:02]} Qe7 {[%clk 0:46:55]} 17. Ng4 {[%clk 0:37:32]} h5 {[%clk 0:45:23]} 18.
Nxf6+ {[%clk 0:36:53]} Nxf6 {[%clk 0:45:37]} 19. Bg5 {[%clk 0:35:42]} Rfd8
{[%clk 0:43:14]} 20. Bg2 {[%clk 0:27:34]} Qe6 {[%clk 0:30:53]} 21. a4 {[%clk
0:24:24]} Rxd1+ {[%clk 0:29:59]} 22. Rxd1 {[%clk 0:23:53]} Bb6 {[%clk 0:28:31]}
23. axb5 {[%clk 0:20:04]} cxb5 {[%clk 0:28:53]} 24. Qe2 {[%clk 0:11:55]} a6
{[%clk 0:27:22]} 25. Rd3 {[%clk 0:11:15]} Ra7 {[%clk 0:26:12]} 26. Qf3 {[%clk
0:06:19]} Rd7 {[%clk 0:23:43]} 27. Bf1 {[%clk 0:02:16]} Rxd3 {[%clk 0:22:53]}
28. Qxd3 {[%clk 0:02:35]} Nd7 {[%clk 0:22:55]} 29. Be3 {[%clk 0:01:43]} Bxe3
{[%clk 0:22:40]} 30. Qxe3 {[%clk 0:02:12]} Nb6 {[%clk 0:20:47]} 31. Qd2 {[%clk
0:01:02]} Na4 {[%clk 0:20:08]} 32. Kg2 {[%clk 0:00:43]} Kg7 {[%clk 0:19:21]}
33. Qc2 {[%clk 0:00:42]} Qa2 {[%clk 0:19:17]} 34. c4 {[%clk 0:01:05]} b4 {[%clk
0:18:29]} 35. c5 {[%clk 0:01:06]} b3 {[%clk 0:12:59]} 36. Qc1 {[%clk 0:01:12]}
Nxb2 {[%clk 0:11:53]} 37. c6 {[%clk 0:01:03]} Na4 {[%clk 0:10:30]} 38. c7
{[%clk 0:00:53]} b2 {[%clk 0:06:55]} 39. Qxb2 {[%clk 0:00:42]} Qxb2 {[%clk
0:01:38]} 40. c8=Q {[%clk 0:01:06]} a5 {[%clk 0:01:43]} 41. Qc7 {[%clk
0:00:39]} Qc3 {[%clk 0:01:55]} 42. Bc4 {[%clk 0:30:04]} Kh6 {[%clk 0:23:07]}
43. Qxf7 {[%clk 0:24:13]} Nc5 {[%clk 0:19:05]} 44. Qf8+ {[%clk 0:24:24]} Kg5
{[%clk 0:19:32]} 45. h4+ {[%clk 0:24:32]} Kg4 {[%clk 0:19:54]} 46. Be2+ {[%clk
0:24:37]} Qf3+ {[%clk 0:20:18]} 47. Bxf3# {[%clk 0:25:01]} 1-0

[Event "DEM U18w 2021"]
[Site "Willingen GER"]
[Date "2021.08.23"]
[Round "2"]
[White "Jacoby, Angelina"]
[Black "Schneider, Katharina"]
[Result "0-1"]
[Termination "normal"]
[Board "7"]
[WhiteElo "1594"]
[BlackElo "1738"]
[WhiteClock "00:00:32"]
[BlackClock "00:19:24"]
[PlyCount "76"]
[WhiteFideId "12999008"]
[BlackFideId "16200519"]
[EventCountry "GER"]
[EventRounds "9"]
[EventType "swiss"]
[EventDate "2021.08.22"]

1. d4 {[%clk 1:30:42]} d5 {[%clk 1:30:57]} 2. Bf4 {[%clk 1:30:48]} e6 {[%clk
1:31:22]} 3. e3 {[%clk 1:31:07]} Nf6 {[%clk 1:31:31]} 4. Nd2 {[%clk 1:30:37]}
c5 {[%clk 1:31:25]} 5. c3 {[%clk 1:30:55]} Nc6 {[%clk 1:31:44]} 6. Ngf3 {[%clk
1:30:31]} Bd6 {[%clk 1:32:00]} 7. Bg3 {[%clk 1:30:42]} O-O {[%clk 1:32:09]} 8.
Bd3 {[%clk 1:30:30]} Re8 {[%clk 1:32:16]} 9. Ne5 {[%clk 1:30:21]} Bxe5 {[%clk
1:32:36]} 10. dxe5 {[%clk 1:30:33]} Nd7 {[%clk 1:32:59]} 11. f4 {[%clk
1:30:41]} c4 {[%clk 1:32:40]} 12. Bc2 {[%clk 1:28:14]} Qb6 {[%clk 1:32:53]} 13.
Bf2 {[%clk 1:12:48]} Qxb2 {[%clk 1:31:07]} 14. Qc1 {[%clk 1:04:21]} Qxc1+
{[%clk 1:26:38]} 15. Rxc1 {[%clk 1:04:43]} f6 {[%clk 1:24:49]} 16. exf6 {[%clk
1:04:37]} Nxf6 {[%clk 1:25:11]} 17. h3 {[%clk 1:04:49]} b5 {[%clk 1:16:13]} 18.
Rb1 {[%clk 1:00:49]} Rb8 {[%clk 1:15:04]} 19. O-O {[%clk 0:44:05]} a5 {[%clk
1:07:39]} 20. Nf3 {[%clk 0:43:03]} Ba6 {[%clk 0:58:24]} 21. Nd4 {[%clk
0:34:54]} Nxd4 {[%clk 0:57:42]} 22. exd4 {[%clk 0:34:18]} b4 {[%clk 0:57:46]}
23. Rfc1 {[%clk 0:29:42]} Re7 {[%clk 0:48:21]} 24. Rb2 {[%clk 0:24:44]} Reb7
{[%clk 0:47:12]} 25. Rcb1 {[%clk 0:23:59]} Ne4 {[%clk 0:41:08]} 26. Be1 {[%clk
0:16:17]} bxc3 {[%clk 0:22:53]} 27. Rxb7 {[%clk 0:15:38]} Rxb7 {[%clk 0:23:12]}
28. Rxb7 {[%clk 0:14:19]} Bxb7 {[%clk 0:23:36]} 29. Bxe4 {[%clk 0:14:38]} dxe4
{[%clk 0:23:59]} 30. Bxc3 {[%clk 0:15:01]} a4 {[%clk 0:24:11]} 31. Bd2 {[%clk
0:10:31]} Kf7 {[%clk 0:23:30]} 32. Be3 {[%clk 0:08:19]} c3 {[%clk 0:22:08]} 33.
Kf2 {[%clk 0:07:28]} Ke7 {[%clk 0:19:28]} 34. Bc1 {[%clk 0:03:57]} Kd6 {[%clk
0:18:33]} 35. Ke3 {[%clk 0:01:19]} Kd5 {[%clk 0:18:26]} 36. g3 {[%clk 0:00:48]}
Ba6 {[%clk 0:18:45]} 37. g4 {[%clk 0:00:32]} Bc4 {[%clk 0:19:04]} 38. a3 {[%clk
0:00:32]} Bd3 {[%clk 0:19:24]} 0-1

[Event "DEM U18w 2021"]
[Site "Willingen GER"]
[Date "2021.08.23"]
[Round "2"]
[White "Schmidt, Antonia"]
[Black "Bardorz, Jana"]
[Result "0-1"]
[Termination "normal"]
[Board "8"]
[WhiteElo "1651"]
[BlackElo "1883"]
[WhiteClock "00:02:16"]
[BlackClock "00:06:27"]
[PlyCount "54"]
[WhiteFideId "16291280"]
[BlackFideId "16208897"]
[EventCountry "GER"]
[EventRounds "9"]
[EventType "swiss"]
[EventDate "2021.08.22"]

1. c4 {[%clk 1:30:58]} Nf6 {[%clk 1:30:51]} 2. Nc3 {[%clk 1:31:21]} g6 {[%clk
1:31:10]} 3. g3 {[%clk 1:31:31]} Bg7 {[%clk 1:31:33]} 4. Bg2 {[%clk 1:31:57]}
O-O {[%clk 1:31:52]} 5. d3 {[%clk 1:28:37]} d6 {[%clk 1:29:41]} 6. Bg5 {[%clk
1:24:44]} h6 {[%clk 1:27:39]} 7. Bd2 {[%clk 1:25:03]} e5 {[%clk 1:26:44]} 8.
Qc1 {[%clk 1:21:28]} Kh7 {[%clk 1:23:36]} 9. h4 {[%clk 1:12:13]} c6 {[%clk
1:17:20]} 10. Nf3 {[%clk 1:00:47]} Na6 {[%clk 1:09:08]} 11. e4 {[%clk 0:52:56]}
Nc5 {[%clk 1:05:27]} 12. Qc2 {[%clk 0:52:57]} a5 {[%clk 1:02:31]} 13. O-O-O
{[%clk 0:42:14]} b5 {[%clk 0:56:47]} 14. Be3 {[%clk 0:38:21]} Na6 {[%clk
0:42:24]} 15. Nh2 {[%clk 0:28:58]} Be6 {[%clk 0:36:29]} 16. g4 {[%clk 0:21:27]}
Bxg4 {[%clk 0:33:53]} 17. Nxg4 {[%clk 0:21:21]} Nxg4 {[%clk 0:34:18]} 18. Qe2
{[%clk 0:16:25]} Nxe3 {[%clk 0:34:03]} 19. fxe3 {[%clk 0:15:27]} Rb8 {[%clk
0:31:34]} 20. Rd2 {[%clk 0:12:58]} h5 {[%clk 0:28:16]} 21. Bf3 {[%clk 0:12:24]}
Bh6 {[%clk 0:26:57]} 22. Nd1 {[%clk 0:11:20]} a4 {[%clk 0:20:47]} 23. Nf2
{[%clk 0:08:58]} Qb6 {[%clk 0:19:27]} 24. Re1 {[%clk 0:07:51]} Nc5 {[%clk
0:16:12]} 25. Bxh5 {[%clk 0:07:43]} bxc4 {[%clk 0:09:21]} 26. dxc4 {[%clk
0:02:53]} a3 {[%clk 0:09:42]} 27. Bf3 {[%clk 0:02:16]} Nb3+ {[%clk 0:06:27]}
0-1